| 000 | 00406cam a2200169ua 4500 | ||
|---|---|---|---|
| 020 | _c5.00 | ||
| 041 |
_aeng _h |
||
| 082 |
_a821 _bSAR/FE |
||
| 100 | _aSarojini, Naidu . | ||
| 245 |
_aFeather of the Dawn / _cSarojini naidu. _hTextual Documents |
||
| 260 |
_aMumbai : _bAsia Publishing House , _c1961. |
||
| 300 | _a43 ; . | ||
| 365 | _a5.00 | ||
| 504 | _a | ||
| 942 | _cBK | ||
| 999 |
_c5160 _d5160 |
||